00414nam a2200145Ia 4500003000400000005001700004008004100021040000900062082002000071100002200091245005900113260006200172300000900234650002500243OSt20201208105139.0190216s9999||||xx |||||||||||||| ||und|| coclc a894.8124bPIL/M aPillai, G Sankara 0aMalayala Nataka Sahitya Charitram /cG Sankara Pillai  bSahithya Pravarthaka Sahakarana Sangam,aKottayam:c1987. a186p aMalayalam Charithram